Complete Story of the San Francisco Horror (Record no. 255635)
[ view plain ]
| 000 -LEADER | |
|---|---|
| fixed length control field | 00812cam a22002773a 4500 |
| 001 - CONTROL NUMBER | |
| control field | 26380 |
| 003 - CONTROL NUMBER IDENTIFIER | |
| control field | PGUSA |
| 005 - DATE AND TIME OF LATEST TRANSACTION | |
| control field | 20140828083552.0 |
| 008 - FIXED-LENGTH DATA ELEMENTS--GENERAL INFORMATION | |
| fixed length control field | 080821s2008||||xxu|||||s|||||000 | eng d |
| 040 ## - CATALOGING SOURCE | |
| Original cataloging agency | PGUSA |
| Language of cataloging | eng |
| 042 ## - AUTHENTICATION CODE | |
| Authentication code | dc |
| 050 #4 - LIBRARY OF CONGRESS CALL NUMBER | |
| Classification number | F850.5 |
| 100 1# - MAIN ENTRY--PERSONAL NAME | |
| Personal name | White, Trumbull, |
| Dates associated with a name | 1868-1941 |
| 245 10 - TITLE STATEMENT | |
| Title | Complete Story of the San Francisco Horror |
| Medium | [electronic resource] / |
| Statement of responsibility, etc | Trumbull White |
| 260 ## - PUBLICATION, DISTRIBUTION, ETC. (IMPRINT) | |
| Name of publisher, distributor, etc | Project Gutenberg, |
| Date of publication, distribution, etc | 2008 |
| 506 ## - RESTRICTIONS ON ACCESS NOTE | |
| Terms governing access | Public domain in the USA. |
| 516 ## - TYPE OF COMPUTER FILE OR DATA NOTE | |
| Type of computer file or data note | Electronic text |
| 653 ## - INDEX TERM--UNCONTROLLED | |
| Uncontrolled term | Disasters |
| 653 ## - INDEX TERM--UNCONTROLLED | |
| Uncontrolled term | Volcanoes |
| 653 ## - INDEX TERM--UNCONTROLLED | |
| Uncontrolled term | San Francisco Earthquake and Fire, Calif., 1906 |
| 653 ## - INDEX TERM--UNCONTROLLED | |
| Uncontrolled term | Vesuvius (Italy) -- Eruption, 1906 |
| 653 ## - INDEX TERM--UNCONTROLLED | |
| Uncontrolled term | Earthquakes |
| 830 #0 - SERIES ADDED ENTRY--UNIFORM TITLE | |
| Uniform title | Project Gutenberg |
| Volume number/sequential designation | 26380 |
| 856 40 - ELECTRONIC LOCATION AND ACCESS | |
| Uniform Resource Identifier | <a href="http://www.gutenberg.org/ebooks/26380">http://www.gutenberg.org/ebooks/26380</a> |
| 942 ## - ADDED ENTRY ELEMENTS (KOHA) | |
| Koha item type | eBooks |
| Withdrawn status | Lost status | Damaged status | Home library | Current library | Date acquired | Total Checkouts | Date last seen | Price effective from | Koha item type |
|---|---|---|---|---|---|---|---|---|---|
| Project Gutenberg | Project Gutenberg | 08/28/2014 | 08/28/2014 | 08/28/2014 | eBooks |